| Tag |
First Indicator |
Second Indicator |
Subfields |
| LEADER |
00000cam a2200000 a 4500 |
| 001 |
in00001640921 |
| 005 |
20151023081610.0 |
| 008 |
010716s2001 enka 001 0 eng |
| 020 |
|
|
|a 0754617688
|
| 035 |
|
|
|a (OCoLC)ocm46506306
|
| 040 |
|
|
|a UKM
|c UKM
|d OCLCQ
|d TXA
|d UtOrBLW
|
| 049 |
|
|
|a TXAM
|
| 082 |
0 |
0 |
|a 335.5
|2 21
|
| 090 |
|
|
|a HX73
|b .Y86 2001
|
| 100 |
1 |
|
|a Yunker, James A.
|
| 245 |
1 |
0 |
|a On the political economy of market socialism :
|b essays and analyses /
|c James A. Yunker.
|
| 264 |
|
1 |
|a Aldershot ;
|a Burlington, Vt. :
|b Ashgate,
|c [2001]
|
| 264 |
|
4 |
|c ©2001
|
| 300 |
|
|
|a xxvi, 439 pages :
|b illustrations ;
|c 23 cm.
|
| 336 |
|
|
|a text
|b txt
|2 rdacontent
|
| 337 |
|
|
|a unmediated
|b n
|2 rdamedia
|
| 338 |
|
|
|a volume
|b nc
|2 rdacarrier
|
| 490 |
1 |
|
|a Alternative voices in contemporary economics
|
| 504 |
|
|
|a Includes bibliographical references and index.
|
| 650 |
|
0 |
|a Mixed economy.
|
| 650 |
|
0 |
|a Socialism.
|
| 650 |
|
0 |
|a Capitalism.
|
| 830 |
|
0 |
|a Alternative voices in contemporary economics.
|
| 948 |
|
|
|a cataloged
|b h
|c 2001/10/5
|d c
|e dmitchel
|f 10:34:28 am
|
| 994 |
|
|
|a E0
|b TXA
|
| 999 |
|
|
|a MARS
|
| 999 |
f |
f |
|s b24d62ce-7fe0-3701-9ce0-f0032d17eeaf
|i eceb3404-2785-3a91-938a-a02539818642
|t 0
|
| 952 |
f |
f |
|p ric
|a Texas A&M University
|b Rellis Campus
|c Joint Library Facility
|s JLF
|d Remote Storage
|t 0
|e HX73 .Y86 2001
|h Library of Congress classification
|i unmediated -- volume
|m A14828126665
|
| 998 |
f |
f |
|a HX73 .Y86 2001
|t 0
|l Remote Storage
|